| 000 | 00744nam a22001577a 4500 | ||
|---|---|---|---|
| 005 | 20260127155320.0 | ||
| 008 | 230721b ||||| |||| 00| 0 eng d | ||
| 040 |
_cSSBUL _dSSBUL |
||
| 082 |
_223 _a၃၂၈.၅၉၁ ပြည် ၁၆၀၆၄ (S-SAT) |
||
| 245 | _aပြည်သူ့လွှတ်တော်ကိုယ်စားလှယ်များ၏ ဆွေးနွေးတင်ပြချက်များအပေါ်.../ | ||
| 260 | _c၁၉၈၀။ | ||
| 300 |
_a၁၉၈ စာမျက်နှာ၊ _c၂၄ စင်တီ။ |
||
| 500 | _aS-SAT: Dr. Prof Sai Aung Tun | ||
| 650 |
_aမြန်မာနိုင်ငံ ပြည်သူ့လွှတ်တော်။ _928092 |
||
| 942 |
_2ddc _cBK1 |
||
| 999 |
_c27388 _d27388 |
||